<?xml version="1.0" encoding="UTF-8"?>
<collection xmlns="http://www.loc.gov/MARC21/slim">
<record>
  <controlfield tag="001">119725</controlfield>
  <controlfield tag="005">20221115154455.0</controlfield>
  <datafield tag="024" ind1="7" ind2=" ">
    <subfield code="2">doi</subfield>
    <subfield code="a">10.15178/va.2022.155.e1393</subfield>
  </datafield>
  <datafield tag="024" ind1="8" ind2=" ">
    <subfield code="2">sideral</subfield>
    <subfield code="a">129760</subfield>
  </datafield>
  <datafield tag="037" ind1=" " ind2=" ">
    <subfield code="a">ART-2021-129760</subfield>
  </datafield>
  <datafield tag="041" ind1=" " ind2=" ">
    <subfield code="a">spa</subfield>
  </datafield>
  <datafield tag="100" ind1=" " ind2=" ">
    <subfield code="a">Agudelo Sánchez, Luz Elena</subfield>
  </datafield>
  <datafield tag="245" ind1=" " ind2=" ">
    <subfield code="a">Competencias digitales en el Currículo de Periodismo: Análisis de caso de una universidad Centroamericana</subfield>
  </datafield>
  <datafield tag="260" ind1=" " ind2=" ">
    <subfield code="c">2021</subfield>
  </datafield>
  <datafield tag="520" ind1="3" ind2=" ">
    <subfield code="a">Este análisis de caso presenta un estudio sobre las competencias digitales en el currículo de formación de periodistas, a partir del modelo planteado como cruce de la propuesta de Ferrés y Piscitelli sobre las dimensiones de la Competencia Mediática y las DigComp desarrolladas por la Comisión Europea. El objeto de estudio es la Licenciatura en Comunicación Social de la Universidad Centroamericana José Simeón Cañas del Salvador, programa de formación con tradición en estudios en periodismo en este país, que a partir del ajuste curricular del año 2019 propone una doble presencialidad, la cual se convierte en tendencia durante el contexto de pandemia. Como método de investigación se utilizó el análisis de contenido de las dimensiones de las competencias personal en la web y redes sociales, abusos y/o dependencias creadas por la tecnología y los cuidados personales sobre el abuso de las tecnologías.digitales en su plan de estudios.
Los resultados muestran que no hay una profundización en el concepto de competencia, y no existe descripción de lo que se entiende como imagen y competencia digital, limitados a espacios donde generar en los estudiantes elementos de valoración y crítica al uso de las cuartas pantallas, no se encontraron temáticas que aborden contendidos sobre derechos de autor, inteligencia colectiva y, en especial, seguridad en la Red como formas de protección de la identidad y la información</subfield>
  </datafield>
  <datafield tag="506" ind1="0" ind2=" ">
    <subfield code="a">Access copy available to the general public</subfield>
    <subfield code="f">Unrestricted</subfield>
  </datafield>
  <datafield tag="540" ind1=" " ind2=" ">
    <subfield code="9">info:eu-repo/semantics/openAccess</subfield>
    <subfield code="a">by-nc</subfield>
    <subfield code="u">http://creativecommons.org/licenses/by-nc/3.0/es/</subfield>
  </datafield>
  <datafield tag="655" ind1=" " ind2="4">
    <subfield code="a">info:eu-repo/semantics/article</subfield>
    <subfield code="v">info:eu-repo/semantics/publishedVersion</subfield>
  </datafield>
  <datafield tag="700" ind1=" " ind2=" ">
    <subfield code="a">Marta Lazo, Carmen María</subfield>
    <subfield code="u">Universidad de Zaragoza</subfield>
    <subfield code="0">(orcid)0000-0002-0004-1094</subfield>
  </datafield>
  <datafield tag="700" ind1=" " ind2=" ">
    <subfield code="a">Aguaded Gómez, José Ignacio</subfield>
  </datafield>
  <datafield tag="710" ind1="2" ind2=" ">
    <subfield code="1">5013</subfield>
    <subfield code="2">675</subfield>
    <subfield code="a">Universidad de Zaragoza</subfield>
    <subfield code="b">Unidad Predepartam. Period.Co.</subfield>
    <subfield code="c">Área Periodismo</subfield>
  </datafield>
  <datafield tag="773" ind1=" " ind2=" ">
    <subfield code="g">155 (2021), 297-317</subfield>
    <subfield code="p">Vivat acad.</subfield>
    <subfield code="t">Vivat academia</subfield>
    <subfield code="x">1575-2844</subfield>
  </datafield>
  <datafield tag="856" ind1="4" ind2=" ">
    <subfield code="s">532193</subfield>
    <subfield code="u">http://zaguan.unizar.es/record/119725/files/texto_completo.pdf</subfield>
    <subfield code="y">Versión publicada</subfield>
  </datafield>
  <datafield tag="856" ind1="4" ind2=" ">
    <subfield code="s">2103514</subfield>
    <subfield code="u">http://zaguan.unizar.es/record/119725/files/texto_completo.jpg?subformat=icon</subfield>
    <subfield code="x">icon</subfield>
    <subfield code="y">Versión publicada</subfield>
  </datafield>
  <datafield tag="909" ind1="C" ind2="O">
    <subfield code="o">oai:zaguan.unizar.es:119725</subfield>
    <subfield code="p">articulos</subfield>
    <subfield code="p">driver</subfield>
  </datafield>
  <datafield tag="951" ind1=" " ind2=" ">
    <subfield code="a">2022-11-15-12:19:42</subfield>
  </datafield>
  <datafield tag="980" ind1=" " ind2=" ">
    <subfield code="a">ARTICLE</subfield>
  </datafield>
</record>
</collection>